[Event "GER-chT U16 Girls"]
[Site "Magdeburg"]
[Date "2023.12.28"]
[Round "4.6"]
[White "Goeb, Franziska"]
[Black "Hubert, Charlotte"]
[Result "0-1"]
[WhiteElo "1316"]
[BlackElo "1809"]
[PlyCount "58"]
[EventDate "2023.12.26"]
[EventType "team-swiss"]
[EventRounds "7"]
[EventCountry "GER"]
[SourceTitle "CB03_2024"]
[SourceDate "2024.01.17"]
[SourceVersion "1"]
[SourceVersionDate "2024.01.17"]
[SourceQuality "1"]
[WhiteTeam "Porz SG II"]
[BlackTeam "Hamburger SK"]
[WhiteTeamCountry "GER"]
[BlackTeamCountry "GER"]

1. e4 c5 2. Nf3 d6 3. Bb5+ Nd7 4. c4 Ngf6 5. Nc3 a6 6. Ba4 e5 7. d3 Be7 8. 0-0 0-0 9. h3 Nb8 10. Be3 Nc6 11. Ne2 Rb8 12. Rb1 b5 13. Bc2 bxc4 14. dxc4 Nd4 15. Nfxd4 exd4 16. Bd2 Bb7 17. Ng3 Re8 18. Re1 Bf8 19. Qf3 Nd7 20. Qe2 d5 21. cxd5 Bxd5 22. Qxa6 Re6 23. Qd3 Ne5 24. Qe2 Bxa2 25. Rbc1 d3 26. Qh5 dxc2 27. Rxc2 Bb3 28. Rc3 Qxd2 29. Rec1 Nd3 0-1

[Event "GER-chT U16 Girls"]
[Site "Magdeburg"]
[Date "2023.12.28"]
[Round "3.9"]
[White "Lohrmann, Flavia"]
[Black "Goeb, Franziska"]
[Result "0-1"]
[WhiteElo "1096"]
[BlackElo "1316"]
[PlyCount "94"]
[EventDate "2023.12.26"]
[EventType "team-swiss"]
[EventRounds "7"]
[EventCountry "GER"]
[SourceTitle "CB03_2024"]
[SourceDate "2024.01.17"]
[SourceVersion "1"]
[SourceVersionDate "2024.01.17"]
[SourceQuality "1"]
[WhiteTeam "Freiburg Zaehringen"]
[BlackTeam "Porz SG II"]
[WhiteTeamCountry "GER"]
[BlackTeamCountry "GER"]

1. e4 e5 2. Nf3 Nc6 3. Bc4 Bc5 4. Nc3 Nf6 5. h3 0-0 6. d3 h6 7. a3 a5 8. 0-0 d6 9. Re1 Be6 10. Bb3 Bxb3 11. cxb3 Re8 12. Be3 Bxe3 13. fxe3 Qd7 14. d4 Rad8 15. d5 Ne7 16. b4 axb4 17. axb4 Ra8 18. Rc1 Ng6 19. Qd3 Rac8 20. Ne2 Qa4 21. b5 Qxe4 22. Qb3 Qxd5 23. Qb4 e4 24. Red1 Qe6 25. Nfd4 Qe5 26. Rf1 Nd5 27. Qb3 Nf6 28. Rf5 Qe7 29. Ng3 Nf8 30. Rcf1 Ne6 31. Nxe6 Qxe6 32. Qd1 Re7 33. Qd4 Rce8 34. R5f4 Qe5 35. Nf5 Re6 36. Qd2 Nd7 37. Qf2 Rf8 38. Qg3 g5 39. Qg4 Rg6 40. R4f2 Nf6 41. Qg3 Qxg3 42. Nxg3 Nd5 43. Nf5 Re6 44. Rd2 Ne7 45. Nd4 Re5 46. b4 f5 47. Rc2 Nd5 0-1

[Event "GER-chT U16 Girls"]
[Site "Magdeburg"]
[Date "2023.12.27"]
[Round "2.9"]
[White "Goeb, Franziska"]
[Black "Anaparthi, Aditi"]
[Result "1-0"]
[WhiteElo "1316"]
[BlackElo "1163"]
[PlyCount "71"]
[EventDate "2023.12.26"]
[EventType "team-swiss"]
[EventRounds "7"]
[EventCountry "GER"]
[SourceTitle "CB03_2024"]
[SourceDate "2024.01.17"]
[SourceVersion "1"]
[SourceVersionDate "2024.01.17"]
[SourceQuality "1"]
[WhiteTeam "Porz SG II"]
[BlackTeam "Garching II"]
[WhiteTeamCountry "GER"]
[BlackTeamCountry "GER"]

1. e4 e5 2. Nf3 Nc6 3. Bc4 Nf6 4. Ng5 d5 5. exd5 Nxd5 6. Nxf7 Kxf7 7. Qf3+ Qf6 8. Bxd5+ Ke8 9. Bxc6+ bxc6 10. Qe3 Bd6 11. 0-0 Bb7 12. Nc3 Qg6 13. d3 c5 14. Ne4 h5 15. Re1 Rf8 16. Qg5 Qh7 17. Nxc5 Rf5 18. Qe3 Bc6 19. Ne4 Qg6 20. Qg3 Qf7 21. Bd2 Be7 22. h3 h4 23. Qe3 Qf8 24. Bc3 Rd8 25. Rf1 Bxe4 26. Qxe4 Rd7 27. Bxe5 g6 28. Bc3 Qf7 29. Qa8+ Rd8 30. Qxa7 Bc5 31. Qa4+ Rd7 32. Qxh4 Rf4 33. Qh8+ Ke7 34. Qe5+ Kd8 35. Qxc5 Rd5 36. Qe3 1-0

[Event "GER-chT U16 Girls"]
[Site "Magdeburg"]
[Date "2023.12.27"]
[Round "1.3"]
[White "Trunz, Tamila"]
[Black "Goeb, Franziska"]
[Result "1-0"]
[WhiteElo "1766"]
[BlackElo "1316"]
[PlyCount "69"]
[EventDate "2023.12.26"]
[EventType "team-swiss"]
[EventRounds "7"]
[EventCountry "GER"]
[SourceTitle "CB03_2024"]
[SourceDate "2024.01.17"]
[SourceVersion "1"]
[SourceVersionDate "2024.01.17"]
[SourceQuality "1"]
[WhiteTeam "Porz SG"]
[BlackTeam "Porz SG II"]
[WhiteTeamCountry "GER"]
[BlackTeamCountry "GER"]

1. e4 e5 2. Nf3 Nc6 3. Bb5 Nf6 4. 0-0 Bc5 5. d3 d6 6. Bg5 Bd7 7. c3 h6 8. Be3 Bb6 9. Nbd2 Ng4 10. Qe2 Nxe3 11. fxe3 a6 12. Bc4 Qe7 13. d4 exd4 14. exd4 0-0-0 15. Kh1 Rde8 16. Rae1 f6 17. Nh4 Qd8 18. Ng6 Rh7 19. Bf7 h5 20. Bxe8 Qxe8 21. Nf4 Bg4 22. Qd3 Rh8 23. Nc4 Ba7 24. h3 Bd7 25. e5 fxe5 26. dxe5 dxe5 27. Ng6 Rg8 28. Ncxe5 Nxe5 29. Rxe5 Be6 30. Rfe1 Qd7 31. Qf3 Re8 32. Rxe6 Rxe6 33. Qf8+ Qd8 34. Qxd8+ Kxd8 35. Rxe6 1-0

[Event "GER-ch U25-B"]
[Site "Willingen"]
[Date "2023.06.03"]
[Round "9"]
[White "Goeb, Franziska"]
[Black "Brandt, Clara"]
[Result "1/2-1/2"]
[WhiteElo "1278"]
[BlackElo "1254"]
[PlyCount "42"]
[EventDate "2023.05.27"]
[EventType "swiss"]
[EventRounds "9"]
[EventCountry "GER"]
[SourceTitle "CBM 214 Extra"]
[Source "ChessBase"]
[SourceDate "2023.07.31"]
[SourceVersion "1"]
[SourceVersionDate "2023.07.31"]
[SourceQuality "1"]

1. e4 e6 2. d4 d5 3. exd5 exd5 4. Nf3 Nc6 5. c3 Bg4 6. Bd3 Bd6 7. 0-0 Nge7 8. h3 Bh5 9. Be3 Qd7 10. Re1 0-0-0 11. Nbd2 Kb8 12. Qc2 h6 13. Nh4 Qe8 14. Nf5 Nxf5 15. Bxf5 Ne7 16. Bd3 Bg6 17. Bxg6 fxg6 18. Nf3 g5 19. Rad1 Qf7 20. Bc1 Qf5 21. Qxf5 Nxf5 1/2-1/2

[Event "GER-ch U25-B"]
[Site "Willingen"]
[Date "2023.05.30"]
[Round "4"]
[White "Goeb, Franziska"]
[Black "Jacoby, Angelina"]
[Result "1/2-1/2"]
[WhiteElo "1278"]
[BlackElo "1583"]
[PlyCount "57"]
[EventDate "2023.05.27"]
[EventType "swiss"]
[EventRounds "9"]
[EventCountry "GER"]
[SourceTitle "CBM 214 Extra"]
[Source "ChessBase"]
[SourceDate "2023.07.31"]
[SourceVersion "1"]
[SourceVersionDate "2023.07.31"]
[SourceQuality "1"]

1. e4 d5 2. exd5 Qxd5 3. Nc3 Qd8 4. d4 Nf6 5. Bc4 Bg4 6. f3 Bf5 7. Nge2 e6 8. Bg5 Be7 9. Qd2 c6 10. 0-0-0 h6 11. Bh4 Nd5 12. Bxe7 Qxe7 13. g4 Bh7 14. h4 Nd7 15. Rdf1 0-0-0 16. Ne4 N7b6 17. Bb3 Qb4 18. Qxb4 Nxb4 19. c3 N4d5 20. Rhg1 Rdf8 21. Nd6+ Kc7 22. Ne4 Nd7 23. N2g3 Nf4 24. Kd2 Rhg8 25. Rh1 e5 26. dxe5 Nxe5 27. Ke3 Nd5+ 28. Ke2 Bg6 29. h5 1/2-1/2

[Event "GER-ch U25-B"]
[Site "Willingen"]
[Date "2023.05.28"]
[Round "2"]
[White "Goeb, Franziska"]
[Black "Kuhlmann, Nils Magnus"]
[Result "0-1"]
[WhiteElo "1278"]
[BlackElo "1553"]
[PlyCount "68"]
[EventDate "2023.05.27"]
[EventType "swiss"]
[EventRounds "9"]
[EventCountry "GER"]
[SourceTitle "CBM 214 Extra"]
[Source "ChessBase"]
[SourceDate "2023.07.31"]
[SourceVersion "1"]
[SourceVersionDate "2023.07.31"]
[SourceQuality "1"]

1. e4 c6 2. d4 d5 3. e5 Bf5 4. h4 h5 5. Bd3 Bxd3 6. Qxd3 e6 7. Bg5 Qb6 8. b3 c5 9. c3 Nc6 10. Nf3 cxd4 11. cxd4 Rc8 12. 0-0 Be7 13. Rd1 Bxg5 14. Nxg5 Nge7 15. g3 Nf5 16. Nf3 Ke7 17. Kg2 Nb4 18. Qe2 Nc2 19. Nbd2 Nxa1 20. Rxa1 Nxd4 21. Nxd4 Qxd4 22. Re1 Rc2 23. Qb5 Rb8 24. Qa5 Qxd2 25. Qa3+ Ke8 26. Qxa7 Rbc8 27. Qa4+ Kf8 28. Qa3+ Kg8 29. Rf1 Qd4 30. Qe7 Qxe5 31. Qxb7 Qe4+ 32. Kg1 Rc1 33. Rxc1 Rxc1+ 34. Kh2 Rh1# 0-1

[Event "GER-chT U16 Girls"]
[Site "Neumuenster"]
[Date "2022.12.29"]
[Round "6"]
[White "Reddi, Bhuvana"]
[Black "Goeb, Franziska"]
[Result "1/2-1/2"]
[WhiteElo "1486"]
[BlackElo "1274"]
[PlyCount "41"]
[EventDate "2022.12.26"]
[EventType "team-swiss"]
[EventRounds "7"]
[EventCountry "GER"]
[SourceTitle "CBM 212 Extra"]
[Source "ChessBase"]
[SourceDate "2023.03.31"]
[SourceVersion "1"]
[SourceVersionDate "2023.03.31"]
[SourceQuality "1"]
[WhiteTeam "Weisse Dame"]
[BlackTeam "Porz SG II"]
[WhiteTeamCountry "GER"]
[BlackTeamCountry "GER"]

1. e4 e5 2. Nc3 Nf6 3. f4 exf4 4. e5 Ng8 5. Nf3 d6 6. Qe2 dxe5 7. Nxe5 Be6 8. Nf3 Be7 9. d4 Nf6 10. Bxf4 0-0 11. Qd2 c5 12. 0-0-0 cxd4 13. Nxd4 Bg4 14. Be2 Bxe2 15. Qxe2 Nbd7 16. Rhf1 Re8 17. Qf3 Qb6 18. Nf5 Bb4 19. Rxd7 Nxd7 20. Nd5 Qe6 21. Nfe3 1/2-1/2

[Event "GER-chT U12 Girls"]
[Site "Willingen"]
[Date "2022.08.15"]
[Round "5.4"]
[White "Goeb, Franziska"]
[Black "Ramakrishnan, Veda"]
[Result "0-1"]
[WhiteElo "1285"]
[BlackElo "1333"]
[PlyCount "84"]
[EventDate "2022.08.13"]
[EventType "team-swiss"]
[EventRounds "7"]
[EventCountry "GER"]
[SourceTitle "EXT 2023"]
[Source "ChessBase"]
[SourceDate "2022.10.05"]
[SourceVersion "1"]
[SourceVersionDate "2022.10.05"]
[SourceQuality "1"]
[WhiteTeam "Porz SG"]
[BlackTeam "Bayern Muenchen"]
[WhiteTeamCountry "GER"]
[BlackTeamCountry "GER"]

1. e4 c6 2. Nf3 d5 3. Nc3 Bg4 4. h3 Bh5 5. g4 Bg6 6. exd5 cxd5 7. Bb5+ Nc6 8. Ne5 Qd6 9. Nxg6 hxg6 10. d4 e6 11. Be3 Nf6 12. Qe2 Qc7 13. a3 Bd6 14. 0-0-0 0-0-0 15. Qf3 a6 16. Ba4 Na5 17. Bd2 Nc4 18. Bb3 Nxd2 19. Rxd2 Bf4 20. Rhd1 Bxd2+ 21. Rxd2 Qh2 22. Rd3 Rh7 23. g5 Qg1+ 24. Rd1 Qxg5+ 25. Kb1 Rdh8 26. Na4 Rxh3 27. Qe2 Rh1 28. Rxh1 Rxh1+ 29. Ka2 Qc1 30. Bxd5 Nxd5 31. Qc4+ Kd7 32. Qc5 Qf4 33. Nb6+ Nxb6 34. Qxb6 Qc7 35. Qb4 Qc6 36. d5 Qxd5+ 37. b3 Rd1 38. Qa4+ Qb5 39. Qf4 Qf5 40. Qc4 Qf6 41. Qa4+ b5 42. Qxa6 Qa1# 0-1

[Event "GER-chT U12 Girls"]
[Site "Willingen"]
[Date "2022.08.14"]
[Round "3.2"]
[White "Goeb, Franziska"]
[Black "Mueller, Cosima"]
[Result "1/2-1/2"]
[WhiteElo "1285"]
[BlackElo "1355"]
[PlyCount "63"]
[EventDate "2022.08.13"]
[EventType "team-swiss"]
[EventRounds "7"]
[EventCountry "GER"]
[SourceTitle "EXT 2023"]
[Source "ChessBase"]
[SourceDate "2022.10.05"]
[SourceVersion "1"]
[SourceVersionDate "2022.10.05"]
[SourceQuality "1"]
[WhiteTeam "Porz SG"]
[BlackTeam "Altenberg"]
[WhiteTeamCountry "GER"]
[BlackTeamCountry "GER"]

1. e4 c5 2. Nf3 Nc6 3. d4 cxd4 4. Nxd4 g6 5. Be3 Bg7 6. c3 Nf6 7. Nd2 0-0 8. Be2 d5 9. exd5 Nxd5 10. Nxc6 Nxe3 11. Nxd8 Nxd1 12. Rxd1 Rxd8 13. 0-0 Bf5 14. Nf3 Be6 15. c4 Bf5 16. b3 Bb2 17. g3 Bc2 18. Rd2 Rxd2 19. Nxd2 Rd8 20. Nf3 Rd6 21. Re1 Bf5 22. Bf1 e6 23. Nh4 Bc2 24. Re2 g5 25. Rxc2 Bd4 26. Ng2 Bc5 27. Ne3 f5 28. Bg2 b6 29. Rc1 Rd2 30. Rc2 Bxe3 31. Rxd2 Bxd2 32. Kf1 1/2-1/2

[Event "GER-ch U14 Girls"]
[Site "Willingen"]
[Date "2022.06.11"]
[Round "9"]
[White "Funke, Luise"]
[Black "Goeb, Franziska"]
[Result "0-1"]
[WhiteElo "970"]
[BlackElo "1362"]
[PlyCount "74"]
[EventDate "2022.06.04"]
[EventType "swiss"]
[EventRounds "9"]
[EventCountry "GER"]
[SourceTitle "CBM 208 Extra"]
[Source "ChessBase"]
[SourceDate "2022.07.31"]
[SourceVersion "1"]
[SourceVersionDate "2022.07.31"]
[SourceQuality "1"]

1. e4 e5 2. Nf3 Nc6 3. Bc4 Bc5 4. c3 Nf6 5. d4 exd4 6. e5 d5 7. Bb5 Ne4 8. cxd4 Bb6 9. Bxc6+ bxc6 10. 0-0 0-0 11. Nc3 Bg4 12. Qd3 Qd7 13. Nxe4 Bxf3 14. Qxf3 Bxd4 15. Bh6 dxe4 16. Qxe4 gxh6 17. Rad1 c5 18. b4 Qe6 19. Rd3 Bxe5 20. Re1 Rfe8 21. Rde3 Qxa2 22. bxc5 Bxh2+ 23. Kxh2 Rxe4 24. Rxe4 Qxf2 25. c6 a5 26. R1e2 Qf5 27. g4 Qf6 28. Rc2 Qd6+ 29. Kh3 Qd3+ 30. Kh4 Qxe4 31. Rc5 Qe7+ 32. Kh3 Qxc5 33. Kh4 Qf2+ 34. Kh5 Rd8 35. g5 Rd5 36. Kg4 Rxg5+ 37. Kh3 Qg3# 0-1

[Event "GER-ch U14 Girls"]
[Site "Willingen"]
[Date "2022.06.10"]
[Round "8"]
[White "Hergenroeder, Cora"]
[Black "Goeb, Franziska"]
[Result "1-0"]
[WhiteElo "1398"]
[BlackElo "1362"]
[PlyCount "157"]
[EventDate "2022.06.04"]
[EventType "swiss"]
[EventRounds "9"]
[EventCountry "GER"]
[SourceTitle "CBM 208 Extra"]
[Source "ChessBase"]
[SourceDate "2022.07.31"]
[SourceVersion "1"]
[SourceVersionDate "2022.07.31"]
[SourceQuality "1"]

1. d4 d5 2. c4 e6 3. cxd5 exd5 4. Nc3 c6 5. Nf3 Bf5 6. Bf4 Bd6 7. Bg3 Bxg3 8. hxg3 Nd7 9. e3 h6 10. Bd3 Bxd3 11. Qxd3 Ngf6 12. Rb1 a5 13. Na4 0-0 14. 0-0 Re8 15. Rfc1 Ne4 16. Nd2 f5 17. Nb3 b5 18. Nc3 a4 19. Nd2 Rc8 20. Ndxe4 fxe4 21. Qd2 Qf6 22. Rc2 Nb6 23. b3 axb3 24. axb3 Rf8 25. Rbc1 Qg6 26. Nd1 Nd7 27. Nc3 Nb6 28. Nd1 Nd7 29. Qa5 Ra8 30. Qb4 Rac8 31. Nc3 Rb8 32. Ne2 Rb6 33. Qa3 Nb8 34. Ra1 Ra6 35. Qb2 Rxa1+ 36. Qxa1 Qf6 37. Nc3 h5 38. Qd1 h4 39. Qg4 hxg3 40. Qxg3 Qh6 41. Ra2 Nd7 42. Qh2 Qxh2+ 43. Kxh2 Rf6 44. Kg1 g5 45. Ra7 Rf7 46. Na2 Nb8 47. Ra8 Rf8 48. Nb4 Kg7 49. Ra7+ Rf7 50. Rxf7+ Kxf7 51. Kh2 Kf6 52. Kg3 Kf5 53. Kh3 Kf6 54. f3 Kf5 55. Kg3 Ke6 56. fxe4 dxe4 57. Kg4 Kf6 58. Kh5 Kf5 59. g4+ Kf6 60. Kh6 Nd7 61. Nxc6 Nb6 62. Nb4 Nc8 63. Nd5+ Ke6 64. Nc3 Nd6 65. Kxg5 b4 66. Na4 Kf7 67. Nc5 Kg7 68. Kf4 Kg6 69. Nxe4 Nb5 70. Nc5 Nc3 71. Nd3 Nd5+ 72. Kf3 Kg5 73. Ke4 Nc3+ 74. Ke5 Kxg4 75. Nxb4 Kf3 76. d5 Kxe3 77. d6 Nb5 78. d7 Nd6 79. Kxd6 1-0

[Event "GER-ch U14 Girls"]
[Site "Willingen"]
[Date "2022.06.08"]
[Round "5"]
[White "Goeb, Franziska"]
[Black "Heuberger, Sandra"]
[Result "0-1"]
[WhiteElo "1362"]
[BlackElo "1101"]
[PlyCount "72"]
[EventDate "2022.06.04"]
[EventType "swiss"]
[EventRounds "9"]
[EventCountry "GER"]
[SourceTitle "CBM 208 Extra"]
[Source "ChessBase"]
[SourceDate "2022.07.31"]
[SourceVersion "1"]
[SourceVersionDate "2022.07.31"]
[SourceQuality "1"]

1. e4 e5 2. Nf3 Nc6 3. Bc4 Nf6 4. Ng5 d5 5. exd5 b5 6. Bxb5 Qxd5 7. Bxc6+ Qxc6 8. 0-0 Bb7 9. Nf3 Bc5 10. d3 0-0 11. Be3 Bxe3 12. fxe3 Rad8 13. Nbd2 Ng4 14. Nc4 e4 15. Ng5 Nf6 16. Na5 Qb6 17. Nc4 Qc5 18. Nh3 exd3 19. cxd3 Nd7 20. b4 Qc6 21. Qf3 Qb5 22. Qg3 Nb6 23. Qxc7 Nxc4 24. Qxc4 Qe5 25. Qf4 Qd5 26. Qe4 Qd7 27. Qd4 Qa4 28. Qc4 Qd7 29. d4 Qe7 30. Qb3 Qe4 31. Rf2 Bd5 32. Qc3 Rc8 33. Qd2 Rfe8 34. Nf4 Ba8 35. d5 Qe5 36. Rd1 Rcd8 0-1